| 000 | 01066nam a2200313Ia 4500 | ||
|---|---|---|---|
| 001 | Para_5881 | ||
| 003 | CHAP | ||
| 008 | 220125s1982 xx 000 0 und d | ||
| 010 | _a204354 | ||
| 040 | _cCHAP | ||
| 090 | _aPA TESIS 192 | ||
| 100 |
_aMena Covarrubias, Jaime _974524 |
||
| 245 |
_aControl químico del pulgón lanígero del manzano Eriosoma lanigerum Hausmann (Homoptera : _bEriosomatidae) en Zacatecas / _c por Jaime Mena Covarrubias |
||
| 260 |
_aChapingo, Méx. : _b el autor |
||
| 300 | _a51 h + apénd. | ||
| 502 | _aTesis (Ing. Agr. Esp. en Parasitología Agrícola) -- UACh. Departamento Parasitología Agrícola | ||
| 650 |
_aEriosoma lanigerum _937322 |
||
| 650 |
_aInsecticidas _958855 |
||
| 650 |
_aManzana _x plagas _970792 |
||
| 650 |
_aManzana _x Zacatecas _970815 |
||
| 710 |
_aUACh. Departamento Parasitología Agrícola _9164025 |
||
| 901 | _aPA TESIS 192 | ||
| 902 | _aM | ||
| 905 | _a0000001982 b 0000000000 00 | ||
| 910 | _a1982 | ||
| 942 | _cPARA | ||
| 942 |
_cPARA _d2 |
||
| 999 |
_c204354 _d204354 |
||